Słowa włoskiego hymnu nagła śmierć - Statystyki

Ogólne statystyki
  • Ten quiz został rozwiązany 15 razy
  • Średni wynik to 7 z 17
Answers on the Grid
Answers color-coded by a green-red scale on the quiz's grid according to % correct below.
Le
Bisogno
Tu
Fratelli
D’
Buongiorno
Italia
Ma
Vittoria
Stringiamci
Loro
Roma
Parli
l'Italia
Francese
ché
Salve
Signore
Dall'Alpi
Forse
perdute
Polacco
Giuriamo
Grazie
Io ho
cinta
Dov'è
Da
Scipio
di
 
Statystyki odpowiedzi
Odpowiedź % Poprawnych
Italia
82%
Fratelli
73%
D’
55%
Polacco
55%
Vittoria
55%
l'Italia
45%
Roma
45%
ché
36%
cinta
36%
Le
36%
Stringiamci
36%
Dall'Alpi
27%
di
27%
Dov'è
27%
Scipio
27%
perdute
18%
Giuriamo
9%
Nie znaleziono quizów pasujących do podanych kryteriów
Rozkład punktacji
Procent ludzi z każdym wynikiem
Percentyl według liczby udzielonych odpowiedzi
Twoja historia wyników
Nie rozwiązałeś tego quizu